[Event "VIE-ch U17"]
[Site "Hanoi"]
[Date "2022.06.14"]
[Round "5"]
[White "Le, Quang Minh"]
[Black "Tran, Hoai Minh"]
[Result "1/2-1/2"]
[WhiteElo "2289"]
[BlackElo "2287"]
[PlyCount "29"]
[EventDate "2022.06.11"]
[EventType "swiss"]
[EventRounds "7"]
[EventCountry "VIE"]
[SourceTitle "EXT 2023"]
[Source "ChessBase"]
[SourceDate "2022.10.05"]
[SourceVersion "1"]
[SourceVersionDate "2022.10.05"]
[SourceQuality "1"]

1. e4 d5 2. exd5 Qxd5 3. Nc3 Qa5 4. Nf3 Nf6 5. Be2 Nc6 6. 0-0 Bg4 7. a3 e6 8. d4 Rd8 9. Be3 Bd6 10. b4 Qh5 11. h3 Bxh3 12. gxh3 Qxh3 13. Nb5 Qg4+ 14. Kh1 Qh3+ 15. Kg1 1/2-1/2